Debating Vivekananda : (Record no. 90028)

MARC details
000 -LEADER
fixed length control field 00633nam a22002057a 4500
005 - DATE AND TIME OF LATEST TRANSACTION
control field 20141201153432.0
010 ## - LCCN (DPL NO)
LC control number ENG-111222
020 ## - INTERNATIONAL STANDARD BOOK NUMBER
International Standard Book Number 9780199450688
Terms of availability 1195.00
020 ## - INTERNATIONAL STANDARD BOOK NUMBER
International Standard Book Number 0199450684
Terms of availability 1195.00
035 ## - SYSTEM CONTROL NUMBER
System control number EN-94754
037 ## - SOURCE OF ACQUISITION
Source of stock number/acquisition DBAD/PUB
082 ## - DEWEY DECIMAL CLASSIFICATION NUMBER
Classification number 181.46
245 ## - TITLE STATEMENT
Title Debating Vivekananda :
Statement of responsibility, etc edited by A. Raghuramaraju
Remainder of title a reader /
260 ## - PUBLICATION, DISTRIBUTION, ETC. (IMPRINT)
Place of publication, distribution, etc New Delhi
Name of publisher, distributor, etc Oxford University Press
Date of publication, distribution, etc 2014
270 ## - ADDRESS
Address YMCA Library building, 1 Jai Singh Road
City New Delhi
Postal code 110001
300 ## - PHYSICAL DESCRIPTION
Extent xxviii, 514p.
Dimensions 24cm(Hb)
500 ## - GENERAL NOTE
General note Includes index
700 ## - ADDED ENTRY--PERSONAL NAME
Personal name Raghuramaraju, A.
942 ## - ADDED ENTRY ELEMENTS (KOHA)
Source of classification or shelving scheme Dewey Decimal Classification
Item type English Books
Call number suffix DEB
Classification part 181.46
Holdings
Withdrawn status Lost status Not for loan Collection code Home library Current library Date acquired Source of acquisition Cost, normal purchase price Full call number Barcode Copy number Cost, replacement price Koha item type
    Not For Loan Non-fiction D.B.Act.Division D.B.Act.Division 13/11/2014 DBAD/PUB 1195.00 181.46 DEB EN-94754 1 1195.00 English Books

© Delhi Public Library
Hit Counter
free hit counter